Score 0/40 Timer 04:00
2 Plays Today
Question Answer Wrong Answers
Are We There Yet Question
94.9%
Period
0.2%
Hyphen
0.1%
Colon
0.1%
Who's Afraid of Virginia Woolf Question
94.6%
Period
0.4%
Hyphen
0.2%
Colon
0.1%
What About Bob Question
94.6%
Period
0.3%
Hyphen
0.1%
Colon
0.1%
What's the Worst That Could Happen Question
94.5%
Period
0.3%
Hyphen
0.1%
Colon
0.2%
Dude, Where's My Car Question
94.5%
Period
0.2%
Hyphen
0.1%
Colon
0.1%
They Shoot Horses, Don't They Question
94.2%
Period
0.5%
Hyphen
0.2%
Colon
0.2%
What's Up, Doc Question
94.1%
Period
0.7%
Hyphen
0.3%
Colon
0.1%
What Ever Happened to Baby Jane Question
94%
Period
0.5%
Hyphen
0.5%
Colon
0.1%
O Brother, Where Art Thou Question
93.7%
Period
0.8%
Hyphen
0.4%
Colon
0.3%
Mr Deeds Period
92.9%
Question
0.6%
Hyphen
0.9%
Colon
0.8%
Mrs Doubtfire Period
92.4%
Question
0.7%
Hyphen
1.4%
Colon
0.6%
Dr No Period
92.4%
Question
1.1%
Hyphen
1.1%
Colon
0.6%
Anchorman 2 The Legend Continues Colon
91.4%
Question
0.3%
Period
0.9%
Hyphen
2.5%
Rogue One A Star Wars Story Colon
91.3%
Question
0.2%
Period
1%
Hyphen
2.7%
Transformers Dark of the Moon Colon
91.2%
Question
0.1%
Period
1.2%
Hyphen
2.7%
Captain America The Winter Soldier Colon
91.1%
Question
0.2%
Period
0.9%
Hyphen
3.1%
The Hobbit The Desolation of Smaug Colon
91%
Question
0.2%
Period
1.5%
Hyphen
2.4%
Pirates of the Caribbean On Stranger Tides Colon
90.5%
Question
0.2%
Period
1.3%
Hyphen
3%
Kingsman The Secret Service Colon
90.2%
Question
0.2%
Period
1.2%
Hyphen
3.6%
J Edgar Period
90.1%
Question
0.3%
Hyphen
3.8%
Colon
0.9%
Will Success Spoil Rock Hunter Question
90%
Period
0.9%
Hyphen
1.3%
Colon
2.8%
Jack Ryan Shadow Recruit Colon
88.7%
Question
0.2%
Period
1.5%
Hyphen
4.6%
X Men Hyphen
88.5%
Question
0.2%
Period
4%
Colon
2.5%
300 Rise of an Empire Colon
88.3%
Question
0.2%
Period
2.4%
Hyphen
4.2%
W Period
88%
Question
5.1%
Hyphen
0.8%
Colon
1.1%
Semi Pro Hyphen
87.2%
Question
0.5%
Period
4.7%
Colon
2.8%
Mad Max Fury Road Colon
87.1%
Question
0.2%
Period
1.7%
Hyphen
6.4%
Non Stop Hyphen
86.3%
Question
0.6%
Period
7.4%
Colon
0.8%
Ant Man Hyphen
86.2%
Question
0.2%
Period
7.8%
Colon
1%
Spider Man Hyphen
86.1%
Question
0.2%
Period
7.3%
Colon
1.3%
Alien vs Predator Period
85.4%
Question
1.3%
Hyphen
3.9%
Colon
4.5%
Monster In Law Hyphen
84.4%
Question
0.6%
Period
8.2%
Colon
1.9%
Adaptation Period
83.3%
Question
6.6%
Hyphen
1.9%
Colon
3.3%
Kick Ass Hyphen
83.1%
Question
0.8%
Period
9.8%
Colon
1.5%
To Live and Die in LA Period
81%
Question
2.7%
Hyphen
6.6%
Colon
4.8%
The Break Up Hyphen
72.6%
Question
1.4%
Period
19.9%
Colon
1.3%
The Five Year Engagement Hyphen
71.4%
Question
1.5%
Period
20.7%
Colon
1.5%
PS I Love You Period
61.1%
Question
0.5%
Hyphen
5.5%
Colon
28.2%
Punch Drunk Love Hyphen
57.5%
Question
1.1%
Period
33.4%
Colon
3.2%
Titan AE Period
42.9%
Question
0.2%
Hyphen
15.6%
Colon
36.5%
Remove Ads.
Support Sporcle.
Get the best of Sporcle when you Go Orange. This ad-free experience offers more features, more stats, and more fun while also helping to support Sporcle. Thank you for becoming a member.

You're not logged in!

Compare scores with friends on all Sporcle quizzes.
OR
Log In

Show Comments

Extras

Top Quizzes Today


Score Distribution

Your Account Isn't Verified!

In order to create a playlist on Sporcle, you need to verify the email address you used during registration. Go to your Sporcle Settings to finish the process.

Report this User

Report this user for behavior that violates our Community Guidelines.

Details: